| 000 | 00360nam a2200157Ia 4500 | ||
|---|---|---|---|
| 003 | Ost | ||
| 005 | 20260225132551.0 | ||
| 008 | 260225s9999||||xx |||||||||||||| ||und|| | ||
| 040 | _cfsic | ||
| 041 | _afre | ||
| 082 | _a306.44 | ||
| 100 |
_aPierre albert _eAuteur |
||
| 245 | 0 | _aJournalisme de la presse ecrite / | |
| 245 | 0 | _cPierre albert | |
| 942 | _cكتاب | ||
| 999 |
_c34177 _d34177 |
||